Catálogo
 En Linea

La ciencia jovial / (Registro nro. 20756)

Detalles MARC
000 -CABECERA
campo de control de longitud fija 00853nam a2200241 a 4500
001 - NÚMERO DE CONTROL
campo de control 000021256
005 - FECHA Y HORA DE LA ÚLTIMA TRANSACCIÓN
campo de control 20200930011258.0
008 - DATOS DE LONGITUD FIJA--INFORMACIÓN GENERAL
campo de control de longitud fija 100902s1999 ve r 000 e spa d
020 ## - NÚMERO INTERNACIONAL ESTÁNDAR DEL LIBRO
Número Internacional Estándar del Libro 9800102381
040 ## - FUENTE DE LA CATALOGACIÓN
Centro catalogador/agencia de origen DO-SdBNP
Lengua de catalogación spa
Centro/agencia transcriptor BNPHU
082 ## - NÚMERO DE LA CLASIFICACIÓN DECIMAL DEWEY
Número de clasificación xxx
Número de documento/Ítem N677c, 1999
049 ## - FONDOS LOCALES (OCLC)
Fondos de biblioteca BNGR
100 1# - ENTRADA PRINCIPAL--NOMBRE DE PERSONA
Nombre de persona Nietzsche, Friedrich
9 (RLIN) 44431
240 #0 - TÍTULO UNIFORME
Título uniforme Die fröhliche Wissenschaft. La gaya scienza.
Lenguaje de la obra español
245 13 - MENCIÓN DE TÍTULO
Título La ciencia jovial /
Mención de responsabilidad, etc. Friedrich Nietzsche; traducción, introducción, notas e índice onomástico José Jara.
246 ## - FORMA VARIANTE DE TÍTULO
Título propio/Titulo breve La gaya scienza.
250 ## - MENCIÓN DE EDICIÓN
Mención de edición 3a ed.
260 ## - PUBLICACIÓN, DISTRIBUCIÓN, ETC.
Lugar de publicación, distribución, etc. Caracas :
Nombre del editor, distribuidor, etc. Monte Ávila Editores Latinoamericana ,
Fecha de publicación, distribución, etc. 1999.
300 ## - DESCRIPCIÓN FÍSICA
Extensión xxxviii, 297 p. ;
Dimensiones 23 cm.
490 ## - MENCIÓN DE SERIE
Mención de serie Pensamiento Filosófico
534 ## - NOTA SOBRE LA VERSIÓN ORIGINAL
Encabezamiento principal del original Título original :
Mención de título del original Die fröhliche Wissenschaft. La gaya scienza.
700 1# - PUNTO DE ACCESO ADICIONAL--NOMBRE DE PERSONA
Nombre de persona Jara, José
Término indicativo de función/relación tr.
9 (RLIN) 44432
Existencias
Estado de retiro Estado de pérdida Restricciones de uso No para préstamo Código de colección Localización permanente Ubicación/localización actual Ubicación en estantería Fecha de adquisición Número de inventario Total de préstamos Signatura topográfica completa Código de barras Fecha visto por última vez Precio válido a partir de Tipo de ítem Koha
      Excluido de préstamo Monografías: Libros y Folletos General General En catalogación 02.09.2010 LF1   xxx N677c, 1999 21256-10 25.06.2020 25.06.2020 No se presta

Con tecnología Koha